Not the Obvious III Quiz Stats

 Plays Quiz Updated Jan 15, 2021

Support Sporcle.
Go Orange.
Score 0/21 Timer 05:00
12 Plays Today
Category Answer % Correct
Repeated US President First NamesGeorge, William, Franklin, Andrew
93.4%
Human Body SystemsNervous, Respiratory, Muscular...
87.5%
Top 100 Baby Names Starting with 'E' (2009)Evan, Elizabeth, Eric...
86.5%
Batman FilmsBatman Begins, Batman Beyond, Batman & Robin...
85.1%
Mystery Machine GangVelma, Fred, Daphne
80.4%
US Federal Holidays With Changing DatesColumbus Day, Labor Day, MLK Day, Presidents Day
77%
'Grand Slam' Tennis TournamentsAustralian Open, French Open
74.8%
Anagram of 'STARE'Tares, Taser, Aster....
71.2%
Wrigley Gum BrandsSpearmint, Doublemint, Eclipse...
68.7%
Movies Based on Roald Dahl BooksJames and the Giant Peach, Fantastic Mr Fox, Matilda...
67.1%
Brady Bunch ChildrenPeter, Jan, Cindy, Bobby
62.6%
Category Answer % Correct
Mr. or Ms. Pac-Man Bonus Objects (original)Orange, Pretzel, Bananas...
61.7%
Will Ferrell Films ($100 M+ Gross)Step Brothers, The Other Guys, Megamind...
60.3%
Countries With Double LetterAndorra, Philippines, Seychelles...
53.6%
5-Letter World CapitalsCairo, Seoul, Quito...
45.9%
Beyoncé Songs, Billboard Top 100If I Were a Boy, Halo, Irreplaceable...
43.8%
Street Suffixes Starting With 'C' (US)Crossing, Center, Corner...
40.8%
Movies From 2018 Nominated For Best PictureThe Favourite, BlacKkKlansman, Black Panther...
38%
Hamlet CharactersPolonius, Claudius, Gertrude...
35.4%
Billy Joel Studio AlbumsRiver of Dreams, Glass Houses, 52nd Street...
18.4%
Virginia Woolf NovelsOrlando, The Waves, Jacob's Room...
5.6%

From the Vault

WWE Hall of Fame

by SporcleAdmin

Sports 12m
Induction is dependent upon whether the candidate is on good terms with WWE, which is the only reason I can think of why I have not been inducted.
Remove Ads.
Support Sporcle.
Get the best of Sporcle when you Go Orange. This ad-free experience offers more features, more stats, and more fun while also helping to support Sporcle. Thank you for becoming a member.

Show Comments

Extras

Top Quizzes Today


Score Distribution

Your Account Isn't Verified!

In order to create a playlist on Sporcle, you need to verify the email address you used during registration. Go to your Sporcle Settings to finish the process.

Report this User

Report this user for behavior that violates our Community Guidelines.

Details: